MARC details
| 000 -LEADER |
| campo de control de longitud fija |
02014nam a2200313 i 4500 |
| 001 - NÚMERO DE CONTROL |
| campo de control |
153343 |
| 003 - IDENTIFICADOR DE NÚMERO DE CONTROL |
| campo de control |
ES-MaACL |
| 005 - FECHA Y HORA DE LA ÚLTIMA TRANSACCIÓN |
| campo de control |
20250815064255.0 |
| 008 - DATOS DE LONGITUD FIJA--INFORMACIÓN GENERAL |
| campo de control de longitud fija |
931025s1784 sp |||| | spa d |
| 245 00 - MENCIÓN DEL TÍTULO |
| Título |
Cronica de D. Alvaro de Luna, condestable de los reynos de Castilla y de Leon... / |
| Mención de responsabilidad, etc. |
la publica con varios apendices don Josef Miguel de Flores. |
| 250 ## - MENCION DE EDICION |
| Mención de edición |
Segunda impresion. |
| 260 ## - PUBLICACIÓN, DISTRIBUCIÓN, ETC. |
| Lugar de publicación, distribución, etc. |
En Madrid : |
| Nombre del editor, distribuidor, etc. |
en la Imp. de D. Antonio de Sancha : |
| -- |
se hallará en su librería en la Aduana Vieja, |
| Fecha de publicación, distribución, etc. |
1784. |
| 300 ## - DESCRIPCIÓN FÍSICA |
| Extensión |
XL, 481, XVI, XXXII, 112, VI, 2], 68 p. ; |
| Dimensiones |
26 cm. |
| 490 1# - MENCIÓN DE SERIE |
| Mención de serie |
Colección de las crónicas y memorias de los reyes de Castilla ; |
| Designación de volumen o secuencia |
5 |
| 505 8# - NOTA DE CONTENIDO CON FORMATO |
| Nota de contenido con formato |
Contiene además con port. propia: ; |
| Título |
Seguro de Tordesillas / |
| Mención de responsabilidad |
escribióle don Pedro Fernandez de Velasco. -- |
| Título |
Libro del passo honroso defendido por el... caballero Suero de Quiñones / |
| Mención de responsabilidad |
copilado de un libro antiguo de mano por Fr. Juan de Pineda... |
| 530 ## - NOTA DISPONIBLE DE FORMULARIO FÍSICO ADICIONAL |
| Nota de formato físico adicional disponible |
Disponible en formato digital. |
| 596 ## - NOTA AL PIE DE IMPRENTA |
| NOTA AL PIE DE IMPRENTA |
La port. del "Libro del passo honroso..." tiene fecha de 1783. |
| 597 ## - NOTA DE DESCRIPCIÓN FÍSICA |
| NOTA DE DESCRIPCIÓN FÍSICA |
Sign.: *-5*4, A-2Z4, 3A-3C4, 3D2, 3E-3O4, 3P, 3*-2*4, a-d4, A-O4, *4, A-H4, I2. |
| 597 ## - NOTA DE DESCRIPCIÓN FÍSICA |
| NOTA DE DESCRIPCIÓN FÍSICA |
El "Seguro de Tordesilla" y el "Libro del passo honroso" a dos col. |
| 597 ## - NOTA DE DESCRIPCIÓN FÍSICA |
| NOTA DE DESCRIPCIÓN FÍSICA |
Cada obra con port., prefinación y sign. propias. |
| 600 14 - PUNTO DE ACCESO ADICIONAL DE MATERIA--NOMBRE DE PERSONA |
| Nombre de persona |
Luna, Álvaro de, |
| Fechas asociadas al nombre |
ca. 1381-1453 |
| 9 (RLIN) |
74750 |
| 651 #4 - PUNTO DE ACCESO ADICIONAL DE MATERIA--NOMBRE GEOGRÁFICO |
| Nombre geográfico |
Castilla (Reino)- |
| Subdivisión general |
Historia- |
| Subdivisión cronológica |
1406-1454, Juan II |
| 9 (RLIN) |
7995 |
| 700 1# - ENTRADA AGREGADA--NOMBRE PERSONAL |
| Nombre de persona |
Flores, José Miguel de. |
| 9 (RLIN) |
51261 |
| 740 02 - ENTRADA AGREGADA--TÍTULO RELACIONADO/ANALÍTICO NO CONTROLADO |
| Título relacionado o analítico no controlado |
Libro del passo honroso defendido por el excelente caballero Suero de Quiñones. |
| 830 00 - PUNTO DE ACCESO ADICIONAL DE SERIE-TÍTULO UNIFORME |
| Título uniforme |
Colección de las crónicas y memorias de los reyes de Castilla |
| Designación de volumen o secuencia |
5 |
| 9 (RLIN) |
184660 |
| 852 ## - LOCALIZACIÓN |
| Ubicación |
ES-MaACL |
| Número de control de estantería |
R-1295 |
| Nota libre |
- Enc. pasta española |
| -- |
- Enc. 1º: "Seguro de Tordesilla", 2º: "Libro del Passo" falto de port., y 3º: "Crónica de D. Alvaro de Luna" |
| Encuadernación |
Olim: G-13141 |
| 856 ## - LOCALIZACIÓN Y ACCESO ELECTRÓNICOS |
| Identificador Uniforme de Recursos |
<a href="https://archive.org/details/cronicadedalvaro00luna/page/n3 ">https://archive.org/details/cronicadedalvaro00luna/page/n3 </a> |
| Nota pública |
Internet Archive |